000 00894nam a22002175i 4500
001 169637
003 ES-MaACL
005 20250902085401.0
008 081028s2002 sp |||| | spa d
080 _a636.09
100 1 _aEtxaniz Makazaga, José-Manuel.
_9137731
245 1 0 _aDe albéitares a veterinarios
_b: la inspección de carnes /
_cJosé Manuel Etxaniz Makazaga.
260 _aSan Sebastián = Donostia :
_bColegio Oficial de Veterinarios de Gipuzkoa,
_c[2002]
300 _aP. [437]-481 :
_bil. ;
_c21 cm.
595 _aSeparata de: Boletín de la Real Sociedad Bascongada de los Amigos del País, LVIII, 2002-2.
650 7 _aVeterinaria
_2embne
_9138773
710 2 _aReal Sociedad Bascongada de los Amigos del País
_96366
710 2 _aColegio Oficial de Veterinarios de Gipuzkoa.
_9138774
852 _aES-MaACL
_j2238-F-4
_9R.143251
999 _c169637
_d169637